000 00585cam a2200193 4500500
005 20260329003626.0
041 _afre
042 _adc
100 1 0 _aPortevin, Catherine
_eauthor
245 0 0 _aLa jalousie : Une géometrie du désir
260 _c2016.
500 _a24
690 _aImitation
690 _aJalousie
690 _aJean-Pierre Dupuy
690 _aRené Girard
786 0 _nPhilosophie magazine | 98 | 4 | 2016-04-01 | p. 72-72 | 1951-1787
856 4 1 _uhttps://shs.cairn.info/magazine-philosophie-magazine-2016-4-page-72?lang=fr&redirect-ssocas=7080
999 _c1826158
_d1826158